000 00528nam a2200157 i 4500
001 64940
003 ES-MaACL
005 20230906165249.0
007 t|
008 040107s1904 sp ||||1| spa d
100 1 _aFournier y Cuadros, Julio.
_951996
245 1 4 _aLos Condes de Cerdaña
_b: memoria presentada al claustro... para obtener el grado de doctor... /
_cJulio Fournier y Cuadros.
260 _aBarcelona :
_b[s.n.],
_c1904 (
_fEst. tip. de E. Baxarías)
300 _a30 p. ;
_c22 cm.
852 _aES-MaACL
_jT-1040-F-9
999 _c64940
_d64940